| 000 | 00773cab a2200217 4500 | ||
|---|---|---|---|
| 001 | WB2533-24 | ||
| 008 | 090401t1989 xxu||||| |||| 00| 0 eng d | ||
| 035 | _a(Sirsi) u23955 | ||
| 041 | _aeng | ||
| 245 | _aB1 success depends on staff availability | ||
| 260 | _c1989 | ||
| 350 | _a0 | ||
| 490 |
_aEstates Times _vno 1008, 18/8/89 p4 |
||
| 490 |
_aChartered Surveyor Weekly _vvol 28 no 7 17/8/89 p4 |
||
| 520 | _aBriefly reviews the findings of research carried out by Debenham Tewson & Chinnocks , which suggests that as much as half the business space being developed in England is in areas expected to have full employment by 1990. | ||
| 650 | _aB1 | ||
| 650 | _aLABOUR SHORTAGE | ||
| 690 | _aPROPERTY-COMMERCIAL PROPERTY | ||
| 942 | _n0 | ||
| 948 | _c04/03/1997 | ||
| 999 |
_c16040 _d16040 |
||